Open Data Biblioteca Nacional de Portugal


República Portuguesa: Ministério da Cultura
Biblioteca Nacional de Portugal

Catálogo da BNP: acesso por Identificadores Unívocos
Registos Bibliográficos associados ao registo de autoridade

Etiqueta de registo: 00624nam 02200217 04500
001 2227274
003 http://id.bnportugal.gov.pt/bib/catbnp/2227274
100 ## $a20250926f19101912m y0pora01030103ba
101 0# $afre
102 ## $aFR
106 ## $ar
200 1# $a L' énigme ;$aThéroigne de Méricourt
210 #9 $aParis$cArthème Fayard,$d[1912]
215 ## $a102, [2] p.
225 2# $aModern-théatre$v25
517 1# $aThéroigne de Méricourt
675 ## $a821.133.1-2"18/19"$vBN$zpor$31184819
700 #1 $aHervieu,$bPaul,$f1857-1915$3136875
702 #1 $aMoreaux,$bA.$4440$31383939
702 #1 $aBurret,$bLéonce,$f1865-1915$4440$31967631
801 #0 $aPT$bBN$gRPC
966 ## $lBN$mFGMON$sL. 181173 V.$x3
971 ## $cisantos$d20250926
972 ## $e0$z0$d20260413$vlrevez
973 ## $cigoulao$d20260324

OpendataBNP@bnportugal.pt | Mais informação sobre acesso aos dados BNP